| 000 | 00703nam a2200229 a 4500 | ||
|---|---|---|---|
| 999 |
_c1543 _d1543 |
||
| 001 | 1543 | ||
| 003 | BD-JhCC | ||
| 005 | 20171021184429.0 | ||
| 008 | 171021s2004 bg |||| ||a| 000 0 ben d | ||
| 020 | _a9844151740 | ||
| 035 | _a(BD-JhCC)1543 | ||
| 040 |
_aBD-JhCC _dBD-JhCC |
||
| 041 | _aben | ||
| 082 |
_a491.44 _bHAQ 2004 |
||
| 100 | _aহক, মাহবুবুল | ||
| 245 |
_aবাংলা ভাষা : কয়েকটি প্রসঙ্গ / _cমাহবুবুল হক, |
||
| 260 |
_aঢাকা : _bঅবসর প্রকাশনী, _c2004 |
||
| 300 |
_a159 p. : _c24 cm. |
||
| 650 |
_aBengali Language _xStudy and Teaching |
||
| 942 |
_2ddc _cBK |
||